Vyhliadka a vinárstvo, Pezinok

Uložené v:
Podrobná bibliografia
Hlavný autor: Bódiová, Viktória (Autor)
Ďalší autori: Schleicher, Alexander (Vedúci práce)
Médium: Rukopis Kniha
Jazyk:Slovak
English
Vydavateľské údaje: 2024
Predmet:
On-line prístup:http://is.stuba.sk/zp/portal_zp.pl?podrobnosti=161712
Tagy: Pridať tag
Žiadne tagy, Buďte prvý, kto otaguje tento záznam!

MARC

LEADER 00000ntm a22000003a 4500
001 stuzp98706
003 SK-STU
005 20240615211135.4
007 ta
008 150427s2015----xo-----f-mn---000-0-slo-d
040 |a STU  |b slo 
041 0 |a eng 
100 1 |a Bódiová, Viktória  |u 058180  |4 aut  |U FAD Fakulta architektúry a dizajnu  |T FAD Ústav architektúry občianskych budov  |X 109983  |U A8180  |Y 399  |7 109983 
242 0 1 |a Vyhliadka a vinárstvo, Pezinok  |y slo 
245 1 0 |a Vyhliadka a vinárstvo, Pezinok 
260 |c 2024 
650 4 |a kontrast hmôt  |2 slo 
650 4 |a kortén  |2 slo 
650 4 |a víno s výhľadom  |2 slo 
650 4 |a corten  |2 eng 
650 4 |a wine with a view  |2 eng 
650 4 |a mass contrast  |2 eng 
700 1 |a Schleicher, Alexander  |u 058180  |k Z1  |4 ths  |U FAD Fakulta architektúry a dizajnu  |T FAD Ústav architektúry občianskych budov  |X 472  |U A8180  |Y 399  |7 A000000472 
856 4 |u http://is.stuba.sk/zp/portal_zp.pl?podrobnosti=161712